<?xml version="1.0" encoding="UTF-8"?>
<record
    xmlns:xsi="http://www.w3.org/2001/XMLSchema-instance"
    xsi:schemaLocation="http://www.loc.gov/MARC21/slim http://www.loc.gov/standards/marcxml/schema/MARC21slim.xsd"
    xmlns="http://www.loc.gov/MARC21/slim">

  <leader>02195nam a22002657a 4500</leader>
  <controlfield tag="008">251014b        |||||||| |||| 00| 0 eng d</controlfield>
  <datafield tag="020" ind1=" " ind2=" ">
    <subfield code="a">9788411573504</subfield>
  </datafield>
  <datafield tag="040" ind1=" " ind2=" ">
    <subfield code="c">tbs</subfield>
  </datafield>
  <datafield tag="041" ind1=" " ind2=" ">
    <subfield code="a">spa</subfield>
  </datafield>
  <datafield tag="100" ind1=" " ind2=" ">
    <subfield code="a">D&#xED;az Guti&#xE9;rrez, Eva</subfield>
    <subfield code="9">26154</subfield>
    <subfield code="e">author</subfield>
  </datafield>
  <datafield tag="245" ind1=" " ind2=" ">
    <subfield code="a">Mundo profesional 1</subfield>
    <subfield code="b">: gu&#xED;a did&#xE1;ctica : curso de espa&#xF1;ol para &#xE1;mbitos profesionales A1-A2</subfield>
    <subfield code="c">/ Eva D&#xED;az Guti&#xE9;rrez, Vanessa Ordov&#xE1;s Garc&#xED;a, Mila S&#xE1;nchez.</subfield>
  </datafield>
  <datafield tag="260" ind1=" " ind2=" ">
    <subfield code="a">Barcelona :</subfield>
    <subfield code="b">Difusi&#xF3;n,</subfield>
    <subfield code="c">2023.</subfield>
  </datafield>
  <datafield tag="300" ind1=" " ind2=" ">
    <subfield code="a">128 pages :</subfield>
    <subfield code="b">illustrations (color) ;</subfield>
    <subfield code="c">28 cm.</subfield>
  </datafield>
  <datafield tag="490" ind1=" " ind2=" ">
    <subfield code="a">Mundo profesional ;</subfield>
    <subfield code="v">1</subfield>
  </datafield>
  <datafield tag="520" ind1=" " ind2=" ">
    <subfield code="a">Mundo profesional es un m&#xE9;todo de espa&#xF1;ol ideal para descubrir el mundo de habla hispana y aprender a comunicarse en diferentes situaciones de la vida profesional. El primer nivel prepara para alcanzar un A2 del Marco Com&#xFA;n Europeo de Referencia para las Lenguas.

Esta Gu&#xED;a did&#xE1;ctica ofrece: 

&#x2022; explicaciones detalladas para llevar a cabo las actividades del manual de manera sencilla y eficaz 

&#x2022; ideas complementarias para enriquecer la experiencia de aprendizaje 

&#x2022; soluciones de las actividades del manual 

&#x2022; propuestas metodol&#xF3;gicas para trabajar con ritmos de aprendizaje individualizados </subfield>
  </datafield>
  <datafield tag="520" ind1=" " ind2=" ">
    <subfield code="a">Mundo profesional is a Spanish-learning method designed to explore the Spanish-speaking world and learn how to communicate in various professional settings. The first level aims to reach an A2 level of the Common European Framework of Reference for Languages.

This Teacher&#x2019;s Guide offers:
&#x2022; Detailed explanations to carry out the textbook activities easily and effectively
&#x2022; Additional ideas to enrich the learning experience
&#x2022; Answers to the textbook activities
&#x2022; Methodological suggestions for working with individualized learning paces</subfield>
  </datafield>
  <datafield tag="650" ind1=" " ind2="0">
    <subfield code="a">Spanish language </subfield>
    <subfield code="x">Grammar</subfield>
    <subfield code="9">10270</subfield>
  </datafield>
  <datafield tag="650" ind1=" " ind2="0">
    <subfield code="a">Spanish language</subfield>
    <subfield code="x">Study and teaching</subfield>
    <subfield code="9">26155</subfield>
  </datafield>
  <datafield tag="650" ind1=" " ind2="0">
    <subfield code="a">Spanish language </subfield>
    <subfield code="x">Textbooks for foreign speakers</subfield>
    <subfield code="9">12081</subfield>
  </datafield>
  <datafield tag="650" ind1=" " ind2="0">
    <subfield code="a">Spanish language</subfield>
    <subfield code="x">Business Spanish</subfield>
    <subfield code="9">26156</subfield>
  </datafield>
  <datafield tag="650" ind1=" " ind2="0">
    <subfield code="a">Spanish language</subfield>
    <subfield code="v">Composition and exercises</subfield>
    <subfield code="9">26157</subfield>
  </datafield>
  <datafield tag="700" ind1=" " ind2=" ">
    <subfield code="a">Ordov&#xE1;s Garc&#xED;a, Vanessa</subfield>
    <subfield code="9">26158</subfield>
    <subfield code="e">author</subfield>
  </datafield>
  <datafield tag="700" ind1=" " ind2=" ">
    <subfield code="a">S&#xE1;nchez, Mila</subfield>
    <subfield code="9">26159</subfield>
    <subfield code="e">author</subfield>
  </datafield>
  <datafield tag="942" ind1=" " ind2=" ">
    <subfield code="2">lcc</subfield>
  </datafield>
  <datafield tag="952" ind1=" " ind2=" ">
    <subfield code="0">0</subfield>
    <subfield code="1">0</subfield>
    <subfield code="2">lcc</subfield>
    <subfield code="4">0</subfield>
    <subfield code="7">0</subfield>
    <subfield code="a">TBS</subfield>
    <subfield code="b">TBS</subfield>
    <subfield code="d">2025-10-14</subfield>
    <subfield code="l">0</subfield>
    <subfield code="o">P-SP LEARN DIA</subfield>
    <subfield code="p">B07687</subfield>
    <subfield code="r">2025-10-14</subfield>
    <subfield code="t">1</subfield>
    <subfield code="w">2025-10-14</subfield>
    <subfield code="y">SPANISH</subfield>
  </datafield>
  <datafield tag="999" ind1=" " ind2=" ">
    <subfield code="c">5045</subfield>
    <subfield code="d">5045</subfield>
  </datafield>
</record>
